01825nam a2200361 a 4500001001200000003000800012006001900020007001500039008004100054010001700095020003600112020003300148020002700181040002100208035002100229043001200250050002400262245019500286260006100481300001900542504005100561505034000612533015200952650003201104650004801136650004701184655002901231700002301260700002001283710001701303856012601320999001701446ebr10654392CaPaEBRm u cr cn|||||||||130108s2013 mdu sb 001 0 eng d z 2013930408 z9781421411101 (pbk. alk. paper) z1421411105 (pbk. alk. paper) z9781421411118 (e-book) aCaPaEBRcCaPaEBR a(OCoLC)828735241 an-us---14aHV7436b.R43 2013eb00aReducing gun violence in Americah[electronic resource] :binforming policy with evidence and analysis /cedited by Daniel W. Webster and Jon S. Vernick ; [foreword by Michael R. Bloomberg]. aBaltimore, Md. :bJohns Hopkins University Press,c2013. axxviii, 282 p. aIncludes bibliographical references and index.0 apt. I. Gun policy lessons from the United States : keeping guns from high-risk individuals -- pt. II. Making gun laws enforceable -- pt. III. Gun policy lessons from the United States : high-risk guns -- pt. IV. International case studies of responses to gun violence -- pt. V. Second amendment -- pt. VI. Public opinion on gun policy. aElectronic reproduction.bPalo Alto, Calif. :cebrary,d2013.nAvailable via World Wide Web.nAccess may be limited to ebrary affiliated libraries. 0aGun controlzUnited States. 0aFirearmsxGovernment policyzUnited States. 0aViolent crimeszUnited StatesxPrevention. 7aElectronic books.2local1 aWebster, Daniel W.1 aVernick, Jon S.2 aebrary, Inc.40uhttp://site.ebrary.com/lib/rucke/Doc?id=10654392zAn electronic book accessible through the World Wide Web; click to view c76760d76760